00301nam a2200133Ia 45000030006000000080041000060400015000471000028000622450031000902600009001213000006001305460014001360050017001500STCL150530s9999 xx 000 0 und d aSTCLcSTCL aKrishnan Namboodiri, V. aBharathakasari Bhasakavyam c1954 a0 aMalayalam20220125170739.0